000 01201cam a2200205 4500
001 ABS65353
008 020508n2002 000 0 eng u
035 _a(Sirsi) u117891
245 _aBRB (Residuary) Limited v South Yorkshire Passenger Transport Executive
260 _c2002
490 _aRating and Valuation Reporter
_v[2002] RVR 18-28(11)
520 _aACQ/32/1997 27 September 2001. Claimant B sought compensation for land, forming part of former railway line. Valuation date was 5 August 1991. B produced two valuations, 1) on the basis that retail values applied to northern section of land and 2)on the basis of B1 business value uses. "Held" that the compensation payable by S to B was £277 250. View decision at www.courtservice.gov.uk/tribunals/lands_frm.htm.
590 _aABS
650 _aRANSOM VALUE
650 _aCOMPENSATION
650 _aBRB (RESIDUARY) LIMITED V SOUTH YORKSHIRE PASSENGER TRANSPORT EXECUTIVE
690 _aENVIRONMENTAL AND LAND CONSULTANCY-PLANNING AND DEVELOPMENT-COMPULSORY PURCHASE AND COMPENSATION
856 _uhttps://www.courtservice.gov.uk/tribunals/lands/decisions/dec-acq-32-97.htm
_zView decision at Court Service website...
942 _n0
999 _c70214
_d70214